|
|
|
|
| LEADER |
00000nam a2200000Ii 4500 |
| 001 |
DIGEDUNAV0007 |
| 003 |
NyNyDIG |
| 006 |
m o d |
| 007 |
cr ||||||||||| |
| 008 |
220606s2008 sp a o 100 0 spa d |
| 035 |
|
|
|a (OCoLC)1333701254
|
| 040 |
|
|
|a DGITA
|b eng
|e rda
|e pn
|c DGITA
|
| 020 |
|
|
|z 9788431325589
|
| 043 |
|
|
|a e-sp---
|
| 050 |
1 |
4 |
|a BX1585.2 ebook
|
| 110 |
2 |
|
|a Instituto Martín de Azpilcueta.
|b Simposio Internacional
|n (7th :
|c 2007 :
|d Pamplona,Spain),
|e author.
|
| 245 |
1 |
3 |
|a El sostenimiento económico de la Iglesia Católica en España :
|b nuevo modelo : actas del VII Simposio Internacional del Instituto Martín de Azpilcueta (Pamplona, 24 al 26 de octubre de 2007) /
|c Jorge Otaduy, Diego Zalbidea, (eds.)
|
| 264 |
|
1 |
|a Pamplona, España :
|b EUNSA, Ediciones Universidad de Navarra,
|c [2008]
|
| 300 |
|
|
|a 1 online resource :
|b illustrations.
|
| 336 |
|
|
|a text
|b txt
|2 rdacontent
|
| 337 |
|
|
|a computer
|b c
|2 rdamedia
|
| 338 |
|
|
|a online resource
|b cr
|2 rdacarrier
|
| 347 |
|
|
|a text file
|2 rdaft
|
| 347 |
|
|
|b PDF
|
| 490 |
1 |
|
|a Canónica / Instituto Martín de Azpilcueta
|
| 588 |
0 |
|
|a Online resource; title from PDF title page (Digitalia, viewed June 6, 2022)
|
| 610 |
2 |
0 |
|a Catholic Church
|z Spain
|v Congresses.
|
| 610 |
2 |
0 |
|a Catholic Church
|z Spain
|x Finance
|v Congresses.
|
| 610 |
2 |
0 |
|a Catholic Church
|z Spain
|x Administration
|v Congresses.
|
| 655 |
|
0 |
|a Electronic books.
|
| 700 |
1 |
|
|a Otaduy Guerín, Jorge,
|e editor.
|
| 700 |
1 |
|
|a Zalbidea, Diego,
|e editor.
|
| 791 |
2 |
|
|a Digitalia (Firm),
|e distributor.
|
| 793 |
0 |
|
|g Digitalia eBook Collection:
|a Ediciones Universidad de Navarra
|
| 776 |
0 |
8 |
|i Print version:
|a Instituto Martín de Azpilcueta. Simposio Internacional (7th : 2007 : Pamplona).
|t Sostenimiento económico de la Iglesia Católica en España.
|b Primera edición.
|d Pamplona, España : EUNSA, Ediciones Universidad de Navarra, [2008]
|z 9788431325589
|
| 830 |
|
0 |
|a Colección canónica de la Universidad de Navarra.
|
| 856 |
4 |
0 |
|3 Digitalia Hispánica
|u https://www.digitaliapublishing.com/a/51298/
|
| 910 |
|
|
|a Premium collection: 2022
|